000 00869cam a22002897a 4500
003 CHAP
005 20220329134521.0
008 971013c19651956 r 00010 d
010 _a21490
011 _a22462
035 _a26557
040 _cCHAP
082 _a332.4
_bB6
100 0 0 _aBos, H. C.
_913961
245 1 2 _aA discussion on methods of monetary analysis and for monetary policy
250 _arev. ed.
260 _aRotterdam :
_bUniversity Press,
_c1965 (c.1956)
300 _a52 p.
590 _aBATCH-UPD
_b10
_c20130110
_lUCH01
_h1633
590 _aBATCH-UPD
_b10
_c20130410
_lUCH01
_h1025
590 _aBATCH-UPD
_b10
_c20130914
_lUCH01
_h1113
590 _aCONVERSION
_b10
_c20130109
_lUCH01
_h1313
650 1 4 _aCuestión monetaria.
_930120
901 _aBK
942 _cLIBRO
949 _a332.4 B6
_bBC
_cLIBRO
_d33724000336475
_eLIBRO
_h15953
_i26557
_si
999 _c21490
_d21490